Those who are wise. The maskilim in Daniel and the New Testament
| Main Author: | |
|---|---|
| Contributors: | ; |
| Format: | Print Article |
| Language: | English |
| Check availability: | HBZ Gateway |
| Interlibrary Loan: | Interlibrary Loan for the Fachinformationsdienste (Specialized Information Services in Germany) |
| Published: |
1997
|
| In: |
To understand the Scriptures
Year: 1997, Pages: 215-220 |
| IxTheo Classification: | HB Old Testament HC New Testament |
| Further subjects: | B
Bible. Daniel 12,3
B Bible. Markusevangelium 13,1-5 B Bible. Daniel 11,33-35 B Shea, William H. 1932- |
MARC
| LEADER | 00000naa a22000002c 4500 | ||
|---|---|---|---|
| 001 | 1589328299 | ||
| 003 | DE-627 | ||
| 005 | 20190311203444.0 | ||
| 007 | tu | ||
| 008 | 190311s1997 xx ||||| 00| ||eng c | ||
| 020 | |a 0964206021 | ||
| 035 | |a (DE-627)1589328299 | ||
| 035 | |a (DE-576)519328299 | ||
| 035 | |a (DE-599)BSZ519328299 | ||
| 040 | |a DE-627 |b ger |c DE-627 |e rakwb | ||
| 041 | |a eng | ||
| 084 | |a 1 |2 ssgn | ||
| 100 | 1 | |0 (DE-588)142422371 |0 (DE-627)635726823 |0 (DE-576)330615165 |4 aut |a Thompson, Steven | |
| 109 | |a Thompson, Steven | ||
| 245 | 1 | 0 | |a Those who are wise. The maskilim in Daniel and the New Testament |
| 264 | 1 | |c 1997 | |
| 336 | |a Text |b txt |2 rdacontent | ||
| 337 | |a ohne Hilfsmittel zu benutzen |b n |2 rdamedia | ||
| 338 | |a Band |b nc |2 rdacarrier | ||
| 601 | |a Testament | ||
| 630 | 0 | 7 | |0 (DE-588)1069757446 |0 (DE-627)822361809 |0 (DE-576)429443986 |a Bibel |p Daniel |n 11,33-35 |2 gnd |
| 630 | 0 | 7 | |0 (DE-588)1069757527 |0 (DE-627)822361876 |0 (DE-576)429443900 |a Bibel |p Daniel |n 12,3 |2 gnd |
| 630 | 0 | 7 | |0 (DE-588)1133554008 |0 (DE-627)889468737 |0 (DE-576)489482635 |a Bibel |p Markusevangelium |n 13,1-5 |2 gnd |
| 652 | |a HB:HC | ||
| 700 | 1 | |a Merling, David |4 oth | |
| 700 | 1 | |e GefeierteR |0 (DE-588)121968200 |0 (DE-627)081653018 |0 (DE-576)213909871 |4 hnr |a Shea, William H. |d 1932- | |
| 773 | 0 | 8 | |i In |t To understand the Scriptures |b 1. ed. |d Berrien Springs, Mich. : Institute of Archaeology, Siegfried H. Horn Archaeological Museum, Andrews University, 1997 |g (1997), Seite 215-220 |h XXX, 330 S. |w (DE-627)160810771X |w (DE-576)082841519 |z 0964206021 |7 nnam |
| 773 | 1 | 8 | |g year:1997 |g pages:215-220 |
| 935 | |a BIIN | ||
| 951 | |a AR | ||
| BIB | |a 1 | ||
| BIR | |a 02013001_02013005,54011033_54011035,54012003_54012003 |b biblesearch | ||
| ELC | |b 1 | ||
| ITA | |a 1 |t 1 | ||
| LOK | |0 000 xxxxxcx a22 zn 4500 | ||
| LOK | |0 001 3059191352 | ||
| LOK | |0 003 DE-627 | ||
| LOK | |0 004 1589328299 | ||
| LOK | |0 005 20190311203444 | ||
| LOK | |0 008 190311||||||||||||||||ger||||||| | ||
| LOK | |0 035 |a (DE-Tue135-1)138574 | ||
| LOK | |0 040 |a DE-Tue135-1 |c DE-627 |d DE-Tue135-1 | ||
| LOK | |0 852 |a DE-Tue135-1 | ||
| LOK | |0 852 1 |c FTHAT052641/TNS |m p |9 00 | ||
| LOK | |0 852 2 |b F 61 |9 00 | ||
| LOK | |0 935 |a iFSA | ||
| LOK | |0 936ln |0 1442044128 |a HB | ||
| LOK | |0 936ln |0 1442044136 |a HC | ||
| LOK | |0 938 |k p | ||
| LOK | |0 939 |a 11-03-19 |b l12 | ||
| ORI | |a SA-MARC-ixtheoa001.raw | ||
| SUB | |a BIB | ||